000 00502nam a2200157Ia 4500
008 210716s2007 xx 000 0 und d
020 _a8179913406
041 _aeng
082 _a332.6 SHAA
100 _aShanbhag, A N;Shanbhag, Sandeep.
245 _aIn the wonderland of investment: financial year 2007-2008 assessment year 2008-2009.
_bFinancial year 2007-2008 assessment year 2008-2009.
250 _a27
260 _aMumbai
_bPopular Prakashan
_c2007
300 _axxx,330
650 _aFinance
999 _c203482
_d203482